| 000 | 00552nam a2200217Ia 4500 | ||
|---|---|---|---|
| 005 | 20250425161758.0 | ||
| 008 | 250425s9999 xx 000 0 und d | ||
| 020 | _a958600757X | ||
| 041 | _aspa | ||
| 082 | _a658.4 | ||
| 100 | _aJANDT, FRED E. | ||
| 245 | 0 | _aTEMAS GERENCIALES ESCOGIDOS: RESPUESTAS DIRECTAS A LOS PROBLEMAS DEL PERSONAL | |
| 250 | _a1A ED. | ||
| 260 | _aBOGOTA | ||
| 260 |
_aColombia _bMCGRAW HILL _c1997 |
||
| 300 | _a148 | ||
| 650 | _aADMINISTRACION DE EMPRESAS | ||
| 650 | _aGERENTES | ||
| 942 | _c01 | ||
| 010 | _a28643 | ||
| 999 |
_c215927 _d215927 |
||